Diputación Provincial de Murcia : día 1 de Marzo 1822 día 1 de Marzo 1822
Descripción Física:
15 p. ; 21 cm
MARC
| LEADER | 00000nam a2200000Ia 4500 | ||
|---|---|---|---|
| 001 | 23422 | ||
| 008 | 160829s1922 xx 000 0 cat d | ||
| 080 | |a RF-16-70 | ||
| 245 | |a Diputación Provincial de Murcia : |b día 1 de Marzo 1822 | ||
| 260 | |a Murcia : |b Oficina de Mariano Bellido, |c 1922 | ||
| 300 | |a 15 p. ; |c 21 cm | ||
| 590 | |a Prové de 4756, exp. 6 | ||
| 610 | 2 | 0 | |a Múrcia (Múrcia : Província). |b Diputación |9 55564 |
| 650 | |a Discursos |9 33698 | ||
| 710 | 2 | |a Múrcia (Múrcia : Província). |b Diputación |9 55564 | |
| 856 | 4 | |u https://media.diba.cat/diba/fitxers/arxiu/fulletons/bib_23422_1822_baixa.pdf |y Accés lliure | |
| 856 | 4 | |u https://media.diba.cat/diba/fitxers/arxiu/fulletons/bib_23422_1822_baixa.pdf |y Accés lliure | |
| 901 | |a Arxiu | ||
| 942 | |n 1 |2 udc | ||
| 952 | |0 0 |1 0 |4 0 |6 RF1670 |7 1 |9 54880 |a Arxiu |b Arxiu |d 2012-03-09 |l 0 |o RF-16-70 |p 23422 |r 2016-12-01 00:00:00 |w 2016-12-01 |y ARXIU | ||
| 999 | |c 58750 |d 58750 | ||
| 900 | |a bib_23422_1822_baixa.pdf | ||